Online
Catalog

Medición y evaluación escolar / (Record no. 21512)

MARC details
000 -CABECERA
campo de control de longitud fija 00970nam a2200265 a 4500
001 - NÚMERO DE CONTROL
campo de control 000022014
005 - FECHA Y HORA DE LA ÚLTIMA TRANSACCIÓN
campo de control 20250711124154.0
008 - DATOS DE LONGITUD FIJA--INFORMACIÓN GENERAL
campo de control de longitud fija 100915s1974 mx ad r 000 0 spa d
040 ## - FUENTE DE LA CATALOGACIÓN
Centro catalogador/agencia de origen DO-SdBNP
Lengua de catalogación spa
Centro/agencia transcriptor BNPHU
082 ## - NÚMERO DE LA CLASIFICACIÓN DECIMAL DEWEY
Número de clasificación 371.26
Número de documento/Ítem K18m
049 ## - FONDOS LOCALES (OCLC)
Fondos de biblioteca BNGR
100 1# - ENTRADA PRINCIPAL--NOMBRE DE PERSONA
Nombre de persona Karmel, Louis J.
9 (RLIN) 45640
245 10 - MENCIÓN DE TÍTULO
Título Medición y evaluación escolar /
Mención de responsabilidad, etc. Louis J. Karmel ; traducción Javier Aguilar V.
260 ## - PUBLICACIÓN, DISTRIBUCIÓN, ETC.
Lugar de publicación, distribución, etc. México, D. F. :
Nombre del editor, distribuidor, etc. Centro Regional de Ayuda Técnica,
Fecha de publicación, distribución, etc. 1974.
300 ## - DESCRIPCIÓN FÍSICA
Extensión 546 p. :
Otras características físicas il., diag. ;
Dimensiones 23 cm.
500 ## - NOTA GENERAL
Nota general Incluye índice de nombres.
500 ## - NOTA GENERAL
Nota general Incluye glosario de términos.
500 ## - NOTA GENERAL
Nota general Incluye test representativos.
500 ## - NOTA GENERAL
Nota general Incluye índice analítico.
504 ## - NOTA DE BIBLIOGRAFÍA, ETC.
Nota de bibliografía, etc. Incluye referencias bibliográficas y notas al pie de las páginas.
650 #4 - PUNTO DE ACCESO ADICIONAL DE MATERIA--TÉRMINO DE MATERIA
Término de materia o nombre geográfico como elemento de entrada Mediciones y pruebas educativas
9 (RLIN) 2223
650 #0 - PUNTO DE ACCESO ADICIONAL DE MATERIA--TÉRMINO DE MATERIA
Término de materia o nombre geográfico como elemento de entrada Evaluación educativa
9 (RLIN) 17494
650 #0 - PUNTO DE ACCESO ADICIONAL DE MATERIA--TÉRMINO DE MATERIA
Término de materia o nombre geográfico como elemento de entrada Planificación educativa
9 (RLIN) 17484
700 1# - PUNTO DE ACCESO ADICIONAL--NOMBRE DE PERSONA
Nombre de persona Aguilar V., Javier,
Término indicativo de función/relación tr.
9 (RLIN) 45641
Holdings
Estado de retiro Estado de pérdida Restricciones de uso No para préstamo Código de colección Localización permanente Ubicación/localización actual Ubicación en estantería Fecha de adquisición Número de inventario Total de préstamos Signatura topográfica completa Código de barras Fecha visto por última vez Precio válido a partir de Tipo de ítem Koha Número de copia
        Monografías: Libros y Folletos General General En catalogación 15.09.2010 LF1   371.26 K18m 22014-10 25.06.2020 25.06.2020 Préstamo en sala  
      Préstamo restrigido Monografías: Libros y Folletos General General En catalogación 15.09.2010 LF1   371.26 K18m 22014-20 25.06.2020 25.06.2020 Préstamo en sala e. 2
        Monografías: Libros y Folletos General General En catalogación 15.09.2010 LF1   371.26 K18m 22014-30 25.06.2020 25.06.2020 Préstamo en sala e. 3

Powered by Koha